| 000 | 00381 a2200145 4500 | ||
|---|---|---|---|
| 005 | 20250620073858.0 | ||
| 020 | _a978-0-415-68315-9 | ||
| 082 | _a672.835BUD | ||
| 100 | _aBUDDING. T | ||
| 245 | _aPublic Sector Accounting | ||
| 260 |
_aLondon _bRoutiledge _c2015. |
||
| 300 |
_axv, 178p,; ill, figure & table _bIndex _c23.2cm |
||
| 700 | _aGROSSI. G & TAGESSON. T | ||
| 942 |
_2ddc _cBKS |
||
| 999 |
_c4464 _d4464 |
||